Apuntes para una biblioteca heleno clásica

Enregistré dans:
Détails bibliographiques
Auteur principal: Dávila Silva, Ricardo (Auteur)
Format: Livre
Langue:espagnol
Publié: Santiago Imprenta, litografía y encuadernación Barcelona 1913
Édition:1a. ed
Sujets:
Tags: Ajouter un tag
Pas de tags, Soyez le premier à ajouter un tag!

MARC

LEADER 00000nam a2200000 a 4500
001 UCJ3785
003 CL-VaPUC
008 070124e19130000CL |||||||||||||||||spa|d
082 0 4 |a 870  |b DAV  |2 21 
100 0 |a Dávila Silva, Ricardo  |e author  |9 506153 
245 1 0 |a Apuntes para una biblioteca heleno clásica 
250 |a 1a. ed 
300 |a 109 p 
942 |c BK 
945 |d 20070124 00:00:00  |a rinostro 
260 |a Santiago  |b Imprenta, litografía y encuadernación Barcelona  |c 1913 
500 |a Empastado junto a otras monografías en un volumen rotulado Folletos Varios. 1911, 1913 y ubicado en CH 860 FOL 
650 0 |a Literatura griega clásica   |9 435497 
650 0 |a Bibliotecas  |9 334508 
650 7 |a BIBLIOGRAFIA  |2 CL-VaPUC  |9 256175 
583 |a last modification  |c 20070124 00:00:00  |k Rodrigo Vera 
999 |c 319907  |d 319905 
952 |0 0  |1 0  |4 0  |6 870_000000000000000_DAV_1913  |7 0  |8 X  |9 398310  |a FDOBUD  |b FDOBUD  |d 2019-11-22  |i 1027271  |o 870 DAV 1913  |p 1027271  |r 2019-11-22  |w 2019-11-22  |y BK_X  |k BUD